|
|
|
|
| LEADER |
00000cam a2200000 7i4500 |
| 001 |
0000009624 |
| 005 |
20120807.0 |
| 008 |
120807 bm |
| 020 |
|
|
|a 9839464035
|
| 090 |
0 |
0 |
|a BF ROD
|
| 100 |
1 |
|
|a Rodziah Haji Mat Akil
|
| 245 |
1 |
0 |
|a Tamu Semusim
|c Rodziah Haji Mat Akil
|
| 260 |
|
|
|a Kuala Lumpur :
|b Penerbitan J.A.S Sdn Bhd ,
|c 1997
|
| 300 |
|
|
|a 151p ;
|c 16cm.
|
| 650 |
0 |
0 |
|a Fiction
|
| 999 |
|
|
|a 122231
|b Buku
|c Rak Terbuka
|e Perbadanan Perpustakaan Awam Melaka
|
| 999 |
|
|
|a 122232
|b Buku
|c Rak Terbuka
|e Perbadanan Perpustakaan Awam Melaka
|
| 999 |
|
|
|a 122233
|b Buku
|c Rak Terbuka
|e Perpustakaan Cawangan Masjid Tanah
|
| 999 |
|
|
|a 122234
|b Buku
|c Rak Terbuka
|e Perbadanan Perpustakaan Awam Melaka
|